Achieving excellence in construction (Record no. 104474)

MARC details
000 -LEADER
fixed length control field 00935cam a2200205 4500
001 - CONTROL NUMBER
control field L130534
008 - FIXED-LENGTH DATA ELEMENTS--GENERAL INFORMATION
fixed length control field 050428n2003 000 0 eng u
035 ## - SYSTEM CONTROL NUMBER
System control number (Sirsi) u130534
041 ## - LANGUAGE CODE
Language code of text/sound track or separate title eng
050 ## - LIBRARY OF CONGRESS CALL NUMBER
Classification number 333.72
-- 18
110 ## - MAIN ENTRY--CORPORATE NAME
Corporate name or jurisdiction name as entry element Office of Government Commerce
9 (RLIN) 3987
245 ## - TITLE STATEMENT
Title Achieving excellence in construction
Remainder of title procurement guide 1 - initiative into action
260 ## - PUBLICATION, DISTRIBUTION, ETC.
Place of publication, distribution, etc. London
Name of publisher, distributor, etc. OGC
Date of publication, distribution, etc. 2003
490 ## - SERIES STATEMENT
Series statement OGC Achieving Excellence in Construction Procurement Guidance
Volume/sequential designation 1
520 ## - SUMMARY, ETC.
Summary, etc. The first in this series of guides setting out the aims of the Achieving Excellence in Construction initiative and key messages for senior managers involved in procurement.
690 ## - LOCAL SUBJECT ADDED ENTRY--TOPICAL TERM (OCLC, RLIN)
Topical term or geographic name as entry element Procurement
9 (RLIN) 6260
690 ## - LOCAL SUBJECT ADDED ENTRY--TOPICAL TERM (OCLC, RLIN)
Topical term or geographic name as entry element BUILT ENVIRONMENT-SUSTAINABLE CONSTRUCTION
856 ## - ELECTRONIC LOCATION AND ACCESS
Uniform Resource Identifier <a href="https://www.forthconstruction.co.uk/downloads/achieving-excellence-guide-1.pdf">https://www.forthconstruction.co.uk/downloads/achieving-excellence-guide-1.pdf</a>
Public note View this item free of charge at www.forthconstruction.co.uk...
942 ## - ADDED ENTRY ELEMENTS (KOHA)
Suppress in OPAC 0
Holdings
Withdrawn status Lost status Source of classification or shelving scheme Damaged status Not for loan Home library Current library Shelving location Date acquired Total Checkouts Full call number Barcode Date last seen Copy number Price effective from Koha item type
    Dewey Decimal Classification     Virtual Virtual Online 09/08/2005   ONLINE PUBLICATION 130534-2001 06/08/2019 1 06/08/2019 Book